000
00407nam a22001577a 4500
003
MPLRDC
005
20220104143841.0
008
210129b ||||| |||| 00| 0 eng d
082
_a
738.62 HCS
100
_a
黄存森
245
_a
华人甲必丹
_c
张清江 译
260
_a
_b
新嘉坡国家语文局
_c
1965
300
_b
平
650
_a
东南亚--马来西亚断代史
942
_c
BK
_o
738.62 HCS
999
_c
43964
_d
43954